Batch pulping on the basis of natural substandard siliceous materials; Bulletin of the Tomsk Polytechnic University; Vol. 310, № 1

Библиографические подробности
Источник:Bulletin of the Tomsk Polytechnic University/ Tomsk Polytechnic University (TPU).— , 2006-2007
Vol. 310, № 1.— 2007.— [P. 120-123]
Главный автор: Krasheninnikova N. S. Nadia Sergeevna
Другие авторы: Kazmina O. V. Olga Viktorovna, Frolova I. V. Irina Vladimirovna
Примечания:Заглавие с титульного листа
Электронная версия печатной публикации
It is shown that using silica sand of Tugansk deposit (Tomsk region) and marshalite of Elbash deposit (Novosibirsk region) having more developed specific surface in comparison with silica sand of Tashlin deposit (Ulyanovsk region) in combination with their grain defective structure provides an increase of batch chemical activity at the stage of silica- and glass-formation. The effective method of preparing glass batch using substandard fine-dispersed siliceous materials in glass production is their compaction.
Язык:английский
Опубликовано: 2007
Серии:Chemistry
Предметы:
Online-ссылка:http://www.lib.tpu.ru/fulltext/v/Bulletin_TPU/2007/v310eng/i1/30.pdf
Формат: MixedMaterials Электронный ресурс Статья
Запись в KOHA:https://koha.lib.tpu.ru/cgi-bin/koha/opac-detail.pl?biblionumber=180825

MARC

LEADER 00000nla2a2200000 4500
001 180825
005 20231225160702.0
035 |a (RuTPU)RU\TPU\book\196029 
035 |a RU\TPU\book\196024 
090 |a 180825 
100 |a 20100526d2007 k y0rusy50 ca 
101 1 |a eng  |c rus 
102 |a RU 
135 |a drnn ---uucaa 
200 1 |a Batch pulping on the basis of natural substandard siliceous materials  |f N. S. Krasheninnikova, О. V. Kazmina, I. V. Frolova 
203 |a Text  |c electronic 
215 |a 1 файл (1 Мб) 
225 1 |a Chemistry 
300 |a Заглавие с титульного листа 
300 |a Электронная версия печатной публикации 
320 |a [Bibliography: p. 123 (5 titles)] 
330 |a It is shown that using silica sand of Tugansk deposit (Tomsk region) and marshalite of Elbash deposit (Novosibirsk region) having more developed specific surface in comparison with silica sand of Tashlin deposit (Ulyanovsk region) in combination with their grain defective structure provides an increase of batch chemical activity at the stage of silica- and glass-formation. The effective method of preparing glass batch using substandard fine-dispersed siliceous materials in glass production is their compaction. 
337 |a Adobe Reader 
461 1 |0 (RuTPU)RU\TPU\book\169973  |t Bulletin of the Tomsk Polytechnic University  |f Tomsk Polytechnic University (TPU)  |d 2006-2007 
463 1 |0 (RuTPU)RU\TPU\book\195457  |t Vol. 310, № 1  |v [P. 120-123]  |d 2007  |p 201 p. 
610 1 |a batch 
610 1 |a pulping 
610 1 |a natural materials 
610 1 |a siliceous materials 
610 1 |a silica sands 
610 1 |a Tugansk deposit 
610 1 |a Tomsk region 
610 1 |a marshalites 
610 1 |a Elbash deposit 
610 1 |a Novosibirsk region 
610 1 |a specific surface 
610 1 |a Tashlin deposit 
610 1 |a Ulyanovsk region 
610 1 |a defective structures 
610 1 |a grains 
610 1 |a chemical activity 
610 1 |a silica formation 
610 1 |a glass formation 
610 1 |a glass batches 
610 1 |a substandard materials 
610 1 |a fine-dispersed materials 
610 1 |a production 
610 1 |a glasses 
610 1 |a труды учёных ТПУ 
610 1 |a электронный ресурс 
675 |a 666.1.01:66.1.031:66.046.52  |v 3 
700 1 |a Krasheninnikova  |b N. S.  |c химик-технолог  |c доцент Томского политехнического университета  |f 1947-  |g Nadia Sergeevna  |3 (RuTPU)RU\TPU\pers\29311 
701 1 |a Kazmina  |b O. V.  |c Chemical Engineer  |c Professor of Tomsk Polytechnic University, Doctor of technical sciences  |f 1967-  |g Olga Viktorovna  |3 (RuTPU)RU\TPU\pers\33001  |9 16846 
701 1 |a Frolova  |b I. V.  |c Chemical Engineer  |c Associate Professor of Tomsk Polytechnic University, Candidate of technical sciences  |f 1976-  |g Irina Vladimirovna  |3 (RuTPU)RU\TPU\pers\33894  |9 17467 
801 1 |a RU  |b 63413507  |c 20090623  |g PSBO 
801 2 |a RU  |b 63413507  |c 20160627  |g PSBO 
856 4 |u http://www.lib.tpu.ru/fulltext/v/Bulletin_TPU/2007/v310eng/i1/30.pdf 
942 |c CF